000 00613nam a2200229Ia 4500
003 OSt
005 20221007075326.0
006 a|||||r|||| 00| 0
007 ta
008 221006b |||||||| |||| 00| 0 eng d
024 _a12,459
037 _cTextual
040 _aFLL
_cFLL
_beng
041 _2eng
_aeng
082 _aV2,3:3.N7, K6
100 _aShakdher S.L. Au.
_9686186
245 0 _aAdministrative accountability to parliament
260 _aNew Delhi
_bIndia
_c1966
300 _a37p
_ccm.
942 _hV2,3:3.N7, K6
_cTEXL
_2CC
999 _c1155629
_d1155629